| 000 | 00717cam a2200241 a 4500 | ||
|---|---|---|---|
| 020 | _a9781118415344 (epub) | ||
| 020 | _a9781118418024 (pdf) | ||
| 020 | _a9781118552957 ( mobipocket) | ||
| 040 | _cDLC | ||
| 082 | 0 | 0 | _a362 JIS 2013 C158 Or. |
| 245 | 0 | 0 |
_aTransdisciplinary public health _bresearch, education, and practice / |
| 250 | _a1st ed. | ||
| 260 |
_aSan Francisco, CA : _bJossey-Bass, _cc2013. |
||
| 300 | _a1 online resource. | ||
| 650 | 1 | 2 | _aPublic Health. |
| 650 | 2 | 2 | _aEvidence-Based Practice. |
| 650 | 2 | 2 | _aInterdisciplinary Communication. |
| 650 | 2 | 2 | _aPublic Policy. |
| 650 | 2 | 2 | _aSocioeconomic Factors. |
| 700 | 1 | _aHaire-Joshu, Debra. | |
| 700 | 1 | _aMcBride, Timothy D. | |
| 942 | _cAEDBB | ||
| 999 |
_c19022 _d19022 |
||